000 00836nam a2200241Ia 4500
001 9648
003 GE_BSU
008 181216s||||||||xx |||||||||||||| ||und||
040 _cGE_BSU
080 _a821.353.1–1
100 _aმაჭავარიანი,მუხრან
245 _aერთტომეული
245 _bლექსები
245 _cრედ.და წინასიტყვ.ავტ.მ.ლებანიძე,მხატვ.დ.დუნდუა
260 _aთბილისი
260 _bსაბჭოთა საქართველო
260 _c1979
300 _a542გვ.ილ.1ფ.21სმ.
300 _eპორტრ.გარეკანზე 1ფ.
653 _aერთტომეული
653 _aლექსები
942 _cBK
999 _c42932
_d42932